00322 2200145 4500001002100000005001500021035002000036245003600056100001700092300001100109260002200120082000800142084001400150990001200164INLIS00000000000198920250527082624 a0010-05250002811 aLingkungan Kita /cJhon Bassett0 aJhon Bassett a64 hlm bPakar Raya,c2009 a600 a600 JHO l a0713204